000 00360nam a2200133Ia 4500
005 20260326235454.0
008 260326s9999||||xx |||||||||||||| ||und||
100 _aRamroth, William G.
245 0 _aProject management for Design professionals /
_cWilliam G. Ramroth
260 _bAEC Education
300 _a286 p.
650 _aDISEÑO INDUSTRIAL
942 _cBK
999 _c7863
_d7863